000 00605nam a2200193 i 4500
001 131907
003 ES-MaACL
005 20260215063015.0
007 t|
008 070214s1960 sp r ||||1| spa d
100 1 _aRoguet, Aimon-Marie,
_d1906-1991
_998969
245 1 3 _aLa misa
_b: aproximación al misterio /
_cA. M. Roguet ; traducción de Francisco J. Puig Rovira.
260 _aBarcelona :
_bEstela,
_c1960.
300 _a164 p. ;
_c18 cm.
650 0 4 _aMisa.
_915074
700 1 _aPuig Rovira, Francisco J.
_994276
852 _aES-MaACL
_jG-10120
_bR.47673
999 _c131907
_d131907